000 00447nmm a2200157Ia 4500
008 251105s9999||||xx |||||||||||||||||und||
020 _a9788415900405
041 _aspa
100 _aHerrero Martínez, Rafael
245 0 _aLa plaza del silencio
264 _a[Madrid, España] :
_bEditorial Alrevés,
_c2014
300 _a349 páginas
650 _aSpanish narrative
856 _uhttps://public.digitaliapublishing.com/a/84828
942 _cCF
999 _c77118
_d77118